[Event "GER-chT School WK H+R"]
[Site "Playchess.com INT"]
[Date "2020.06.17"]
[Round "7.4"]
[White "Vogler, Robin"]
[Black "Brauer, Marek"]
[Result "1-0"]
[WhiteElo "1702"]
[BlackElo "1414"]
[PlyCount "139"]
[EventDate "2020.06.10"]
[EventType "team-swiss (blitz)"]
[EventRounds "7"]
[EventCountry "GER"]
[SourceTitle "EXT 2021"]
[Source "ChessBase"]
[SourceDate "2020.10.23"]
[SourceVersion "1"]
[SourceVersionDate "2020.10.23"]
[SourceQuality "1"]
[WhiteTeam "Salzstrasse Realschule"]
[BlackTeam "Aschersleben Adam Olearius"]
[WhiteTeamCountry "GER"]
[BlackTeamCountry "GER"]

1. e4 e5 2. Nf3 Nc6 3. Bc4 Bc5 4. c3 d6 5. d4 exd4 6. cxd4 Bb6 7. 0-0 Nf6 8. Bg5 Bg4 9. d5 Ne5 10. Be2 0-0 11. Bxf6 Qxf6 12. Nxe5 Bxe2 13. Qxe2 Qxe5 14. Nc3 Rfe8 15. Rac1 Re7 16. Kh1 Rc8 17. f4 Qf6 18. Na4 Rce8 19. Nxb6 cxb6 20. Rc4 Qg6 21. Re1 f5 22. e5 h6 23. e6 Qg4 24. Qxg4 fxg4 25. g3 Rf8 26. Rec1 Rfe8 27. Rc7 Rxc7 28. Rxc7 Kf8 29. Rf7+ Kg8 30. Rd7 Kf8 31. Rxb7 Re7 32. Rxe7 Kxe7 33. Kg2 Kf6 34. Kf2 a6 35. Ke3 h5 36. Kd4 g6 37. Kc4 Ke7 38. a4 Kd8 39. b4 Ke7 40. Kd3 Kf6 41. Kd4 Ke7 42. Ke4 Kf6 43. f5 gxf5+ 44. Kf4 Kg6 45. e7 Kf7 46. Kxf5 Kxe7 47. Kg5 Kf7 48. Kxh5 Kf6 49. Kxg4 Ke5 50. h4 Kxd5 51. h5 Kc4 52. h6 d5 53. h7 d4 54. h8Q Kc3 55. Kf3 Kd3 56. Qc8 a5 57. bxa5 bxa5 58. Qa6+ Kd2 59. Qxa5+ Kc2 60. Qb5 d3 61. Qxd3+ Kxd3 62. a5 Kc4 63. a6 Kb5 64. a7 Kb6 65. a8Q Kc7 66. Qa6 Kd7 67. Ke4 Ke7 68. Ke5 Kd7 69. Qd6+ Ke8 70. Qc7 1-0

[Event "GER-chT School WK H+R"]
[Site "Playchess.com INT"]
[Date "2020.06.17"]
[Round "4.4"]
[White "Vogler, Robin"]
[Black "Skowronek, Ziemowit"]
[Result "1-0"]
[WhiteElo "1702"]
[BlackElo "1537"]
[PlyCount "73"]
[EventDate "2020.06.10"]
[EventType "team-swiss (blitz)"]
[EventRounds "7"]
[EventCountry "GER"]
[SourceTitle "EXT 2021"]
[Source "ChessBase"]
[SourceDate "2020.10.23"]
[SourceVersion "1"]
[SourceVersionDate "2020.10.23"]
[SourceQuality "1"]
[WhiteTeam "Salzstrasse Realschule"]
[BlackTeam "Fuerth HBS"]
[WhiteTeamCountry "GER"]
[BlackTeamCountry "GER"]

1. e4 e5 2. Nf3 Nf6 3. Nxe5 d6 4. Nf3 Nxe4 5. d4 Be7 6. Nbd2 Nxd2 7. Bxd2 Nc6 8. Bb5 Bd7 9. 0-0 a6 10. Ba4 0-0 11. d5 Ne5 12. Nxe5 dxe5 13. Bb3 Bf6 14. Bc3 Re8 15. Re1 e4 16. Re3 Bg5 17. Qd4 Bf6 18. Qb4 Bxc3 19. Qxc3 Bf5 20. Rg3 Bg6 21. Re1 Qe7 22. Rg4 Kh8 23. Rexe4 Qxe4 24. Rxe4 Rxe4 25. f3 Re7 26. Qb4 Rb8 27. Qxe7 Rc8 28. Qd7 Rf8 29. Qxc7 f6 30. Qxb7 h6 31. Qxa6 Re8 32. d6 Bf5 33. Qb5 Rd8 34. Qxf5 Rxd6 35. Qc8+ Kh7 36. Bf7 Rd1+ 37. Kf2 1-0